| 000 | 01649nam0a2200361 4500 | ||
|---|---|---|---|
| 001 | RU\NLR\bibl\269294 | ||
| 005 | 20250620132524.0 | ||
| 010 |
_a5-88866-093-0 _9500 |
||
| 021 |
_aRU _b2002-4663 _9223 |
||
| 035 | _a(NLR Aleph) 000264846 | ||
| 090 |
_a1547668 _c1547668 |
||
| 100 | _a20020517d2001 |||y0rusy50 ca | ||
| 101 | 0 | _arus | |
| 102 | _aRU | ||
| 105 | _ay ||||||||| | ||
| 200 | 1 |
_aПосягательства на отношения по реализации приговора, решения или иного судебного акта (проблемы de lega ferenda) _fА. И. Друзин _gОтв. ред. А. И. Чучаев; М-во образования Рос. Федерации, Ульян. гос. ун-т |
|
| 210 |
_aУльяновск _cУлГУ _d2001 |
||
| 215 |
_a143 с. _cил. _d21 |
||
| 606 | 0 |
_aПреступления, посягающие на отношения по реализации судебных актов _yРоссийская Федерация _92250207 _3RU\NLR\auth\661349753 |
|
| 610 | 0 | _aПреступления против правосудия - Ответственность уголовная | |
| 610 | 0 | _aУголовно-исполнительное право Российской Федерации | |
| 675 |
_a343.36 _v3 _zrus |
||
| 686 |
_a10.77 _2rugasnti |
||
| 686 |
_a67.408 _2rubbk |
||
| 686 | _aХ628.111.8 | ||
| 700 | 1 |
_aДрузин _bА. И. _gАнатолий Иванович _4070 |
|
| 801 | 0 |
_aRU _bRKP _c20020517 _gPSBO |
|
| 801 | 1 |
_aRU _bRKP _c20020517 |
|
| 801 | 2 |
_aRU _bNLR _c20020711 _grcr |
|
| 942 | _cBOOK | ||
| 980 | _aNB | ||
| 980 | _aNBR | ||